000 01039nam a2200277 i 4500
001 110865
003 ES-MaACL
005 20260127062542.0
007 t|
008 070202s1927 sp ||||1| spa d
040 _cES-MaACL
080 _a34(37):347.6
100 1 _aDiego y Gutiérrez, Felipe Clemente de,
_9234641
_d1866-1945
_eaut
245 1 3 _aEl prelegado en el derecho romano y en el derecho moderno /
_cdiscurso leído por Felipe Clemente de Diego.
260 _aMadrid :
_bReus,
_c1927.
300 _a134 p. ;
_c18 cm.
490 1 _aPublicaciones de la Real Academia de Jurisprudencia y Legislación ;
_v77
650 7 _aDerecho romano
_2embne
_911764
650 4 _aDerecho de familia-
_zEspaña.
_911689
700 _aReal Academia de Jurisprudencia y Legislación de España
_9217612
830 1 _aPublicaciones de la Real Academia de Jurisprudencia y Legislación ;
_v77
_9180630
852 _aES-MaACL
_jL-5240
942 _cMONOGRAFIA
_n0
999 _c110865
_d110865